Progress in management improvement: report (Record no. 491101)

000 -LEADER
fixed length control field 00378cam a22001097a 4500
008 - FIXED-LENGTH DATA ELEMENTS--GENERAL INFORMATION
fixed length control field 180718b1965 xxu||||| |||| 00| 0 eng d
082 ## - DEWEY DECIMAL CLASSIFICATION NUMBER
Classification number I5x73 Un3/1965
245 ## - TITLE STATEMENT
Title Progress in management improvement: report
Statement of responsibility, etc. by Treasury Department. United States
260 ## - PUBLICATION, DISTRIBUTION, ETC.
Place of publication, distribution, etc. Washington
Name of publisher, distributor, etc. United States Treasury Department
Date of publication, distribution, etc. 1965
300 ## - PHYSICAL DESCRIPTION
Extent 31+p
700 ## - ADDED ENTRY--PERSONAL NAME
Personal name United States. Treasury Department
Holdings
Withdrawn status Lost status Damaged status Not for loan Permanent Location Current Location Date acquired Full call number Barcode Date last seen Price effective from Koha item type
        Indian Institute of Public Administration Indian Institute of Public Administration 2018-08-04 I5x73 Un3/1965 GG4727 2018-08-04 2018-08-04 GG

Powered by Koha